Normale Ansicht MARC-Ansicht ISBD

Soviet Economists of the Twenties : (Titelsatznr. 3701)

[ MARC ]
MARC-Details
000 -Satzkennung
Kontrollfeld mit fester Länge 00385nam a22001571c 4500
001 - Kontrollnummer
Kontrollfeld a987684370
008 - Feld mit fester Länge zur physischen Beschreibung - Allgemeine Angaben
Kontrollfeld mit fester Länge 051003s1972 gw |||| 000u eng d
041 ## - Sprachcode
Sprachcode des Textes/der Tonspur oder des separaten Titels eng
040 ## - Katalogisierungsquelle
Übertragungsstelle RU-10907106
003 - Kontrollnummer Identifier
Kontrollfeld RU-10907106
100 1# - Haupteintragung - Personenname
Personenname Jasny, Naum
245 00 - Titel
Titel Soviet Economists of the Twenties :
Zusatz zum Titel Names to be Remembered
264 ## - Produktion, Veröffentlichung, Distribution, Herstellung und Urheberrechtsvermerk
Herstellungs-, Veröffentlichungs- Vertriebs-, Erzeugungsort Cambridge,
Datum der Herstellung, der Veröffentlichung, des Vertriebs oder des Urheberschutzvermerks 1972
300 ## - Physische Beschreibung
Umfang 217 S. Oln.
942 ## - Zusätzliche Felder (Koha)
Koha-Medientyp Monographien
Exemplare
Ausgeschieden Verloren Klassifikation oder Aufstellungssystematik Beschädigt Nicht entleihbar Heimatbibliothek Aufenthaltsbibliothek Aufstellungsort Erwerbungsdatum Inventarnummer Signatur Barcode Letzte Aktivität Preis gültig von Koha-Medientyp
    Andere/Generische Klassifikation     MWN Osteuropa MWN Osteuropa Magazin - 2 03/10/2005 05-02063 R 62 q Jas E004015079091C84 22/02/2021 22/03/2021 Monographien